| 000 | 00665nam a2200217Ia 4500 | ||
|---|---|---|---|
| 001 | 10098 | ||
| 003 | GE_BSU | ||
| 008 | 181216s||||||||xx |||||||||||||| ||und|| | ||
| 040 | _cGE_BSU | ||
| 080 | _a821.353.1–31 | ||
| 100 | _aრატიანი,ჯემალ | ||
| 245 | _aმზე რომ ანათებს! | ||
| 245 | _bრომანი | ||
| 245 | _cრედ. რ.ჯალაღანია.მხატვ.ნ.ნარიმანიძე | ||
| 260 | _aთბილისი | ||
| 260 | _bმერანი | ||
| 260 | _c1986 | ||
| 300 | _a218გვ.21სმ. | ||
| 653 | _aმზე რომ ანათებს! | ||
| 942 | _cBK | ||
| 999 |
_c43370 _d43370 |
||